000 00531na a2200181 4500
001 13710
003 MIRAKIL
005 20181213154815.0
008 161102b tu 000 0
040 _aMilas
_btur
_cTR-AnCHP
082 _a915.56511
_bA54 2003
090 _a915.56511 A54 2003
245 _aAnkara 2003
_c[hazırlayan] Elektronik İletişim Ajansı
260 _aAnkara
_bElektronik İletişim Ajansı
_c2003
300 _a48 s.
_bfotğ.
_c28 sm.
651 _aAnkara
_xGezi ve tanıtım
_yRehberler
942 _2ddc
_cBKS
999 _c1200
_d1200